| 000 -LEADER |
| fixed length control field |
00421nam a2200169Ia 4500 |
| 003 - CONTROL NUMBER IDENTIFIER |
| control field |
OSt |
| 005 - DATE AND TIME OF LATEST TRANSACTION |
| control field |
20231106101122.0 |
| 008 - FIXED-LENGTH DATA ELEMENTS--GENERAL INFORMATION |
| fixed length control field |
200302s9999 xx 000 0 und d |
| 020 ## - INTERNATIONAL STANDARD BOOK NUMBER |
| International Standard Book Number |
9780571179930 |
| 082 ## - DEWEY DECIMAL CLASSIFICATION NUMBER |
| Classification number |
307.12 |
| Item number |
ROG |
| 100 ## - MAIN ENTRY--PERSONAL NAME |
| Personal name |
Rogers, Richard |
| Dates associated with a name |
1933-2021 |
| 245 ## - TITLE STATEMENT |
| Title |
Cities for a small planet |
| 260 ## - PUBLICATION, DISTRIBUTION, ETC. (IMPRINT) |
| Name of publisher, distributor, etc |
Faber & Faber Ltd. |
| 300 ## - PHYSICAL DESCRIPTION |
| Extent |
180 P., |
| 700 ## - ADDED ENTRY--PERSONAL NAME |
| Personal name |
edited by: Gumuchdjian, Philip |
| 942 ## - ADDED ENTRY ELEMENTS (KOHA) |
| Source of classification or shelving scheme |
|